| 000 | 02292cam a22004814i 4500 | ||
|---|---|---|---|
| 003 | PE-LiUPU | ||
| 005 | 20250731173332.0 | ||
| 008 | 150625s r 000 0 d | ||
| 020 | _a9781589833555 | ||
| 035 | _a(Sirsi) i9781589833555 | ||
| 040 |
_aPE-LiUPU _bspa _cPE-LiUPU _erda |
||
| 049 | _aPRUA | ||
| 082 | 0 | 4 |
_a296.49 _bH11 _221 |
| 100 | 1 |
_aHaber, Susan, _eautor. |
|
| 245 | 1 | 0 |
_aThey shall purify themselves : _bessays on purity in early judaism / _cSusan Haber. |
| 264 | 1 |
_aAtlanta, Georgia : _bSociety of Biblical Literature, _c2008. |
|
| 300 |
_a237 páginas ; _c23 centímetros |
||
| 336 |
_atext _2rdacontent |
||
| 337 |
_aunmediated _2rdamedia |
||
| 338 |
_avolume _2rdacarrier |
||
| 504 | _aIncluye bibliografía. | ||
| 505 | 0 | _aBibliographic studies. -Ritual and moral purity and Impurity in the Hebrew biblie. -Ritual and moral purity and Impurity in Second temple judaism. -Ritual and moral purity and Impurity in the Dead sea scrolls. -Literary studies. -Living and dying for the Law: The mother-Maartyrs of 2 maccabees. -Metaphor and Meaning in the Dead sea scrolls. -A woman's touch: feminist encounters with the hemorrhaging woman in Mark 5:24-34. -From pristly torah to chist cultus: The Re-VCisión of cult in hebrews. -Historical studies. -Common Judaism, common synagogue? purity, holiness, and sacred space at the turn of the common era. -Going up to Jerusalem: purity, pilgrimage, and the historical Jesus. | |
| 526 | _aSEG42 | ||
| 526 | _aSEG41 | ||
| 526 | _aSEG40 | ||
| 526 | _aSEG39 | ||
| 526 | _aP94 | ||
| 526 | _aP87 | ||
| 526 | _aP86 | ||
| 526 | _aP85 | ||
| 526 | _aP77 | ||
| 526 | _aP76 | ||
| 526 | _aP35 | ||
| 600 | 1 |
_aReinhartz, Adele. _d1953- |
|
| 650 | 0 | 4 |
_aPureza ritual _xJudaísmo _vHistoria de las doctrinas. |
| 910 |
_bjv _cnf |
||
| 942 |
_2ddc _cBOOK |
||
| 949 |
_a296.49 H11 _wDEWEY _c1 _i59301 _lCCODEBUL1 _mBUL _p17.00 _r0 _sY _tBOOK _u2015-6-25 _xTEOLOGIA _PP35 _0COMPRA _o.STAFF. Colección General |
||
| 994 |
_aC0 _bPEPRU |
||
| 596 | _a1 | ||
| 999 |
_a296.49 H11 _wDEWEY _c48089 _i59301 _f2021-11-11 _g5 _lCCODEBUL1 _mBUL _p17.00 _r0 _sY _tBOOK _u2015-6-25 _xTEOLOGIA _PP35 _0COMPRA _o.STAFF. Colección General _d48089 |
||
| 980 |
_81 _gALBERTO SANCHEZ Responsable de Automatización |
||